000 00723nam a2200289Ia 4500
005 20260324143129.0
008 008 260324s9999 xx 000 0 eng d
020 _a9780429307539
037 _aEBOOK
040 _aCRL
040 _beng
040 _cCRL
041 _2eng
041 _aeng
084 _qCRL
100 _aJeremy Hein
_91214494
245 0 _aStates And International Migrants
245 4 _bThe Incorporation Of Indochinese Refugees In The United States And France
260 _bTaylor and Francis
260 _c1993
365 _a
365 _b230
856 _uhttp://www.taylorfrancis.com/books/9780429307539
942 _cEBOOK
999 _c1819540
_d1819540